00571aam a2200193 45000010005000000030003000050050017000080060013000250070015000380080039000530200018000920820016001101000020001262450075001462600051002213000034002725040051003068000020003577372Uk20250613152827.0m || d |cr |||||||||||040401s2004 enka ob 001 0 eng a978082483270404a305.242 DER1 aDerks, Annuska.10aKhmer women on the move : bexploring work and life in urban Cambodia. aHonolulu :bUniversity of Hawaii Press,c2008. avii, 251 p. :bill, :c25 cm. aIncludes bibliographical references and index. aPalsson, Gisli.